Zdobywcy Pucharu Polski - nagła śmierć - Statystyki

Ogólne statystyki
  • Ten quiz został rozwiązany 993 razy
  • Średni wynik to 8 z 23
Answers on the Grid
Answers color-coded by a green-red scale on the quiz's grid according to % correct below.
Zagłębie Sosnowiec
ŁKS Łódź
Stal Mielec
Lechia Gdańsk
Wisła Płock
Jagiellonia Białystok
Pogoń Szczecin
Legia Warszawa
Motor Lublin
GKS Katowice
Dyskobolia Grodzisk Wielkopolski
Piast Gliwice
Górnik Zabrze
Amica Wronki
Polonia Warszawa
Arka Gdynia
Polonia Bytom
Wisła Kraków
Gwardia Warszawa
Zagłębie Lubin
Ruch Chorzów
Raków Częstochowa
Zawisza Bydgoszcz
Cracovia
Miedź Legnica
Warta Poznań
Widzew Łódź
Lech Poznań
Śląsk Wrocław
Stal Rzeszów
 
Statystyki odpowiedzi
Odpowiedź % Poprawnych
Legia Warszawa
77%
Lech Poznań
60%
Wisła Kraków
56%
Lechia Gdańsk
49%
Górnik Zabrze
48%
Raków Częstochowa
45%
Ruch Chorzów
45%
Widzew Łódź
45%
ŁKS Łódź
44%
Jagiellonia Białystok
42%
Arka Gdynia
39%
Cracovia
39%
Śląsk Wrocław
36%
Zawisza Bydgoszcz
33%
Amica Wronki
31%
Polonia Warszawa
28%
Dyskobolia Grodzisk Wielkopolski
25%
Zagłębie Sosnowiec
25%
GKS Katowice
22%
Wisła Płock
19%
Miedź Legnica
11%
Gwardia Warszawa
7%
Stal Rzeszów
7%
Nie znaleziono quizów pasujących do podanych kryteriów
Rozkład punktacji
Procent ludzi z każdym wynikiem
Percentyl według liczby udzielonych odpowiedzi
Twoja historia wyników
Nie rozwiązałeś tego quizu